header

Downstream industrial biotechnology (Record no. 36950)

MARC details
000 -LEADER
fixed length control field 02322nam a2200337 a 4500
082 04 - DEWEY DECIMAL CLASSIFICATION NUMBER
Classification number 660.6
245 10 - TITLE STATEMENT
Title Downstream industrial biotechnology
260 ## - PUBLICATION, DISTRIBUTION, ETC. (IMPRINT)
Place of publication Hoboken, N.J. :
Name of publisher John Wiley & Sons Inc.,
Year of publication 2013.
300 ## - PHYSICAL DESCRIPTION
Number of Pages xiv, 858 p. :
Other physical details ill. (some col.)
505 0# - FORMATTED CONTENTS NOTE
Formatted contents note pt. I. Introduction -- pt. II. Downstream recovery of cells and protein capture -- pt. III. Process development in downstream purification -- pt. IV. Equipment design for downstream recovery and protein purification -- pt. V. Downstream cGMP operations -- pt. VI. Biopharmaceutical facility validation -- pt. VII. FDA cGMP regulatory compliance.
520 ## - SUMMARY, ETC.
Summary, etc "Universities worldwide are establishing biomanufacturing centers, and demand is growing for a workforce trained in this discipline. Downstream Recovery and Purification is an affordable, accessible desk reference on biomanufacturing for professionals, instructors, and students. With information on equipment, process and facility design, cGMP operation, and regulatory compliance, it is based on Wiley's 7-volume Encyclopedia of Industrial Biotechnology, Bioprocess, Bioseparation, and Cell Technology and features more than 50 carefully selected articles. Students and professionals alike will value this practical guide"--
650 #0 - SUBJECT ADDED ENTRY--TOPICAL TERM
Topical Term Biotechnology
700 1# - ADDED ENTRY--PERSONAL NAME
Personal name Flickinger, Michael C.
856 40 - ELECTRONIC LOCATION AND ACCESS
Uniform Resource Identifier http://site.ebrary.com/lib/rucke/Doc?id=10735224
520 ## - SUMMARY, ETC.
-- Provided by publisher.

No items available.

© 2026 Rongo University
Contact us: librarian | system librarian | Rongo university